000 01750nam0a2200325 4500
001 RU\NLR\BIBL_A\022554994
005 20250618120854.0
010 _a978-5-98297-046-6
_9170
021 _aRU
_bКН-П-25-020501
_9КН-П-25-2075
035 _a(NLR Aleph) 022554994
090 _a13432786
_c13432786
100 _a20250530d2025 k y0rusy50 ca
101 0 _arus
102 _aRU
105 _aac z 000zy
181 0 _ai3
_baxxe
182 0 _an
200 1 _aЕжегодный доклад Уполномоченного по правам человека в Новосибирской области за 2024 год
_fУполномоченный по правам человека в Новосибирской области [Зерняева Е. А.]
203 _aТекст
_bвизуальный
_cнепосредственный
210 _aНовосибирск
_cУполномоченный по правам человека в Новосибирской области и аппарат Уполномоченного по правам человека
_d2025
215 _a133 с.
_cил., цв. ил., табл., портр.
_d30
601 0 2 _aУполномоченный по правам человека в Новосибирской области
_jДокументы и материалы
_2nlr_sh2
_3RU\NLR\AUTH\6601660424
686 1 _aХ620.32,011
702 1 _aЗерняева
_bЕ. А.
_gЕлена Александровна
_4570
710 0 2 _aУполномоченный по правам человека в Новосибирской области
_3RU\NLR\AUTH\880507272
942 _cBOOK
980 _aNB